¿Bandera correcta o incorrecta? #5 - Muerte súbita - Estadísticas

Estadísticas generales
  • Esta prueba ha sido intentada 151 veces
  • La puntuación promedio es 3 de 20
Answers on the Grid
Answers color-coded by a green-red scale on the quiz's grid according to % correct below.
 
Estadísticas de respuestas
Respuesta % Correcto
29%
25%
25%
21%
21%
21%
21%
21%
18%
14%
14%
14%
11%
11%
7%
7%
7%
4%
4%
4%
No se encontraron pruebas coincidentes
Distribución de puntuación
Porcentaje de gente con cada puntuación
Porcentaje por número respondido
Historial de tus puntuaciones
No has intentado esta prueba.